000 00827nam a2200253 a 4500
008
020 _a0134985028 (pbk.)
049 _aMAIN
090 _aQA76.7
_bMEY
100 1 _aMeyer, Bertrand.
245 1 0 _aIntroduction to the theory of programming languages /
_cBertrand Meyer.
260 _aLondon :
_bPrentice Hall,
_c1990.
300 _axvi, 447 p. ;
_c24 cm.
440 _aPrentice Hall International series in computer sciences.
504 _aIncludes bibliographical references.
500 _aIncludes index.
650 0 _aProgramming languages (Electronic computers) .
650 0 _aElectronic digital computers
_xProgramming.
907 _a.b10033695
_b20-04-12
_c17-04-03
003
005 20230123133454.0
040 _cNUST
942 _cBOOKS
_kQA76.7
_mMEY
999 _c149167
_d149167